Acercamiento y planificación predial para el establecimiento de corredores biológicos en el municipio de Filandia (Registro nro. 7818)

Detalles MARC
000 -CABECERA
Campo de control 00903nam a22002177a 4500
005 - FECHA Y HORA DE LA ULTIMA TRANSACCION
Campo de control 20170727111154.0
008 - ELEMENTOS DE LONGITUD FIJA—INFORMACION GENERAL
Campo de control 131115b2005 ck ||||| |||| 00| 0 spa d
040 ## - FUENTE DE CATALOGACIÓN
Agencia transcriptora CO-BoIH
Agencia catalogadora original CO-BoIAVH
041 ## - IDIOMA
Código de idioma para texto/pista de sonido o título separado Español
044 ## - PAÍS DE PUBLICACIÓN
País de publicación Colombia
090 ## - CLASIFICACIÓN LOCAL
Colección IAVH
Consecutivo 00544
100 1# - ASIENTO PRINCIPAL--NOMBRE PERSONAL
Nombre personal Zapata Cadavid - Alvaro
9 (RLIN) 2606
110 ## - ASIENTO PRINCIPAL--NOMBRE CORPORATIVO
Unidad subordinad Centro para la Investigación en Sistemas Sostenibles de Producción Agropecuaria
9 (RLIN) 2607
245 ## - MENCION DE TITULO
Título Acercamiento y planificación predial para el establecimiento de corredores biológicos en el municipio de Filandia
Parte restante del título nforme final de actividades
260 ## - PUBLICACION, DISTRIBUCION, ETC. (PIE DE IMPRENTA)
Lugar de publicación, distribución, etc. Filandia
Nombre del editor, distribuidor, etc. Instituto de Investigación de Recursos Biológicos Alexander von Humboldt
-- Fundación CIPAV
Fecha de publicación, distribución, etc. 2005
300 ## - DESCRIPCION FISICA
Extensión 31 páginas
Otros detalles físicos tablas
Dimensiones 27 cm
650 14 - ASIENTO SECUNDARIO DE MATERIA - TERMINO TEMATICO
Término temático o nombre geográfico como elemento de entrada Planificación predial
9 (RLIN) 2608
650 14 - ASIENTO SECUNDARIO DE MATERIA - TERMINO TEMATICO
Término temático o nombre geográfico como elemento de entrada Corredores biológicos
Subdivisión geográfica Filandia (Quindio)
9 (RLIN) 82574
700 ## - ASIENTO SECUNDARIO - NOMBRE PERSONAL
Nombre personal Galindo - Walter Fernando
9 (RLIN) 2610
942 ## - ELEMENTOS ADICIONALES (KOHA)
Sistema de clasificación Local
Tipo de ítem Informe Técnico
Existencias
Withdrawn status Lost status Sistema de Clasificación Damaged status No para préstamo Colección Inventariado Ubicación Permanente Ubicación actual Fecha de adquisición Total Checkouts Número topográfico Inventario / Código de Barras Date last seen Ejemplar Price effective from Forma de adquisición Tipo de material
    Local     Humboldt Inventariado 2017 Bogotá Bogotá 15/11/2013   IAVH-00544 059298 09/08/2024 Ej. 2 15/11/2013 Institucional Informe Técnico